00375nam a2200121Ia 4500008004100000020001500041082001900056100001800075245010400093260002600197300000800223650002200231230312s9999||||xx |||||||||||||| ||und|| a0534465935 a621.392bHAW-D aBrown,Stephen 0aFundamentals Of Digital Logic With Verilog Design Fundamentals of digital logic with Verilog design bThomsonaCanadac2006 a588 aEngineeringvVHDL